Cidades Turísticas de Alagoas - Statistics

Estatísticas Gerais
  • Esse quiz foi jogado 37 vezes
  • A pontuação média é 13 de 25
Estatísticas das Respostas
Imagem Resposta % Correto
Maceió
97%
Maragogi
88%
Penedo
82%
Piranhas
82%
Marechal Deodoro
76%
Arapiraca
70%
Coruripe
64%
Barra de São Miguel
61%
Milagres
61%
Mar Vermelho
48%
Pão de Açúcar
48%
Paripueira
48%
Roteiro
48%
Barra de Santo Antonio
45%
Piacabucu
45%
Delmiro Gouveia
42%
Japaratinga
42%
Atalaia
39%
Porto de Pedras
39%
União dos Palmares
33%
Murici
30%
Jequiá da Praia
27%
Viçosa
24%
Olho D'água do Casado
18%
Água Branca
15%
Nenhum quiz correspondente encontrado
Distribuição das Pontuações
Porcentagem de Pessoas com Cada Pontuação
Percentil de Números Respondidos
Sua Pontuação Histórica
Você não jogou esse quiz